LEADER 01106nam a2200277 i 4500 001 991001924519707536 008 061031s2000 it b 001 0 ita d 020 $a8846420675 035 $ab13448833-39ule_inst 040 $aSet. Economia - SAGA$bita 082 04$a362.1068 245 02$aL'architettura strategica delle aziende ospedaliere :$bun'analisi empirica /$ca cura di Franco Fontana e Gianni Lorenzoni ; con scritti di Paola O. Achard ... [et al.] 260 $aMilano :$bF. Angeli,$cc2000 300 $a159 p. ;$c23 cm 504 $aBibliografia: p. 142-159 650 04$aOspedali$xGestione 650 04$aAziende sanitarie$xStrategia 700 1 $aFontana, Franco 700 1 $aLorenzoni, Gianni 700 1 $aAchard, Paola Olimpia 907 $a.b13448833$b17-02-10$c31-10-06 912 $a991001924519707536 945 $aLE025 ECO 362 ACH01.02$g1$i2025000205161$lle025$nProf. Amatucci$o-$pE18.59$q-$rl$s- $t0$u4$v1$w4$x0$y.i14309506$z31-10-06 996 $aArchitettura strategica delle aziende ospedaliere$959997 997 $aUNISALENTO 998 $ale025$b31-10-06$cm$da $e-$fita$git $h2$i0 LEADER 01484nam a2200409 i 4500 001 991002242889707536 007 cr nn 008mamaa 008 121227s2002 de o |0|| 0|eng d 020 $a9783540477938 035 $ab14143410-39ule_inst 040 $aBibl. Dip.le Aggr. Matematica e Fisica - Sez. Matematica$beng 082 04$a515.785$223 084 $aAMS 31C05 084 $aAMS 43A05 084 $aAMS 43A20 084 $aAMS 43A35 084 $aAMS 45E10 100 1 $aChu, Cho-Ho$066924 245 10$aHarmonic functions on groups and Fourier algebras$h[e-book] /$cby Cho-Ho Chu, Anthony To-Ming Lau 260 $aBerlin :$bSpringer,$c2002 300 $a1 online resource (vii, 100 p.) 440 0$aLecture notes in mathematics,$x1617-9692 ;$v1782 650 0$aMathematics 650 0$aTopological Groups 650 0$aHarmonic analysis 650 0$aFunctional analysis 650 0$aIntegral equations 650 0$aPotential theory (Mathematics) 650 0$aDifferential equations, partial 700 1 $aLau, Anthony To-Ming$eauthor$4http://id.loc.gov/vocabulary/relators/aut$061236 773 0 $aSpringer eBooks 856 40$uhttp://dx.doi.org/10.1007/b83280$zAn electronic book accessible through the World Wide Web 907 $a.b14143410$b03-03-22$c05-09-13 912 $a991002242889707536 996 $aHarmonic functions on groups and Fourier algebras$91424837 997 $aUNISALENTO 998 $ale013$b05-09-13$cm$d@ $e-$feng$gde $h0$i0